Reshaping The Industrial Horizon: Empowering Users In The Pursuits Of Ecology & Environment (Record no. 364653)

MARC details
000 -LEADER
fixed length control field 00417nam a2200121Ia 4500
008 - FIXED-LENGTH DATA ELEMENTS--GENERAL INFORMATION
fixed length control field 250110s9999 xx 000 0 und d
041 ## - LANGUAGE CODE
Language code of text/sound track or separate title eng
100 ## - MAIN ENTRY--PERSONAL NAME
Personal name Bardapurkar Sayali
9 (RLIN) 181652
245 ## - TITLE STATEMENT
Title Reshaping The Industrial Horizon: Empowering Users In The Pursuits Of Ecology & Environment
260 ## - PUBLICATION, DISTRIBUTION, ETC. (IMPRINT)
Name of publisher, distributor, etc. BNCA M Arch Landscape Architecture
Place of publication, distribution, etc. Pune
Date of publication, distribution, etc. 2023
300 ## - PHYSICAL DESCRIPTION
Extent 61p
700 ## - ADDED ENTRY--PERSONAL NAME
Personal name Guide Name:Khatavkar Anupama
9 (RLIN) 210991
Holdings
Withdrawn status Lost status Damaged status Not for loan Home library Current library Date acquired Total Checkouts Barcode Date last seen Bill Date Koha item type Original Barcode
        Dr. Bhanuben Nanavati College of Architecture Dr. Bhanuben Nanavati College of Architecture 01/06/2023   BNCA-PR-2153 10/01/2025 10/01/2025 Project Reports PR2153